| 000 | 00932nas a2200313 4500 | ||
|---|---|---|---|
| 001 | BR2012006926 | ||
| 003 | BR-BrBNA | ||
| 005 | 20231205121156.0 | ||
| 007 | ta | ||
| 008 | 230509b bl.|||p| |||| 00| 00por d | ||
| 040 |
_aBR-BrBNA _bpor _cBiblioteca Nacional de Agricultura |
||
| 041 | _a(En) | ||
| 072 | _aF02 | ||
| 100 | 1 | _ahasbullah, N.A. | |
| 100 | 1 | _aTaha, R.M. | |
| 100 | 1 | _aSaleh, A. | |
| 100 | 1 | _aMahmad, N. | |
| 245 | 1 | _aIrradiation effect on in vitro organogenesis, callus growth and plantlet development of Gerbera jamesonii | |
| 650 | _aGÉRBERA | ||
| 650 | _aPLÂNTULA | ||
| 650 | _aREGULADOR DE CRESCIMENTO | ||
| 650 | _aCALO | ||
| 650 | _aORGANOGÊNESE | ||
| 650 | _aCULTURA IN VITRO | ||
| 650 | _aRAIO GAMA | ||
| 773 | 0 |
_tHorticultura Brasileira (Brazil) _xISSN 0102-0536 _g(Apr-Jun 2012), v. 30(2) p. 252-257 _wBR2012006926 |
|
| 909 |
_a202311 _bLúcia _c55 _dLúcia Elande |
||
| 942 |
_2AGRIS _n0 _cANA |
||
| 999 |
_c222180 _d222180 |
||